<?xml version="1.0" encoding="utf-8"?>
<?xml-stylesheet type='text/xsl' href='./oai2.xsl'?>
<OAI-PMH xmlns="http://www.openarchives.org/OAI/2.0/" xmlns:xsi="http://www.w3.org/2001/XMLSchema-instance" xsi:schemaLocation="http://www.openarchives.org/OAI/2.0/ http://www.openarchives.org/OAI/2.0/OAI-PMH.xsd">
  <responseDate>2026-05-12T23:42:39Z</responseDate>
  <request verb="GetRecord" metadataPrefix="marcxml" identifier="record_kuniweb_21809">https://kulturerbe.niedersachsen.de/oai</request>
  <GetRecord>
    <record>
      <header>
        <identifier>record_kuniweb_21809</identifier>
        <datestamp>2015-06-19T12:07:43Z</datestamp>
        <setSpec>slg0103</setSpec>
      </header>
      <metadata>
        <marc:record xmlns:marc="http://www.loc.gov/MARC21/slim" xsi:schemaLocation="http://www.loc.gov/MARC21/slim http://www.loc.gov/standards/marcxml/schema/MARC21slim.xsd">
          <marc:leader>12345nem  22     uu 4500</marc:leader>
          <marc:controlfield tag="001">21809</marc:controlfield>
          <marc:controlfield tag="003">http://kuniweb.gbv.de</marc:controlfield>
          <marc:controlfield tag="005">2015-04-12T10:24:59</marc:controlfield>
          <marc:controlfield tag="008">|           ||||||||||||||||||||||</marc:controlfield>
          <marc:datafield tag="245" ind1="1" ind2="0">
            <marc:subfield code="a">Ducatus Brunsvicensis fereq(ue) Lunaeburgensis, Cum adjacentibus Episcopatibus, Comit(atibus), Domin(atibus) etc(etera) nova et locupletissima descriptio geographica</marc:subfield>
          </marc:datafield>
          <marc:datafield tag="700" ind1="1" ind2=" ">
            <marc:subfield code="a">Dauthendey</marc:subfield>
            <marc:subfield code="e">Vorbild / Ideengeber</marc:subfield>
          </marc:datafield>
          <marc:datafield tag="700" ind1="1" ind2=" ">
            <marc:subfield code="a">Visscher</marc:subfield>
            <marc:subfield code="d">* 1587 † 1660</marc:subfield>
            <marc:subfield code="e">Autor</marc:subfield>
          </marc:datafield>
          <marc:datafield tag="655" ind1=" " ind2="7">
            <marc:subfield code="a">Karten</marc:subfield>
          </marc:datafield>
          <marc:datafield tag="046" ind1=" " ind2=" ">
            <marc:subfield code="k">1650</marc:subfield>
            <marc:subfield code="k">Karte datiert 1650</marc:subfield>
          </marc:datafield>
          <marc:datafield tag="260" ind1=" " ind2=" ">
            <marc:subfield code="g">1650</marc:subfield>
            <marc:subfield code="g">Karte datiert 1650</marc:subfield>
          </marc:datafield>
          <marc:datafield tag="300" ind1=" " ind2=" ">
            <marc:subfield code="a">Höhe: 42 cm
Breite: 53 cm</marc:subfield>
          </marc:datafield>
          <marc:datafield tag="520" ind1=" " ind2=" ">
            <marc:subfield code="a">Maßstäbe (in cm): 4 deutsche Meilen zu 15 auf einen Grad = 8,0 - 5 Fußwegstunden = 7,5
Ausrichtung: Norden
Rückseite: leer

Anmerkungen: 
Die Karten auf der Grundlage von Dauthendey sind zweifelsfrei an der falsch, nämlich fast  waagerecht von Osten nach Westen, eingezeichneten Aller zu erkennen.

Veröffentlicht in:
in dem “Atlas Contractus Orbis Terrarum Praecipuas ac Novissimas Complectens Tabulas“, bei Nicolaes Visscher, Amsterdam zwischen 1656 und 1677

Literatur in Zusammenhang:
C. Koeman und Homan, H. J. A., „Merula - Zeegers. Atlantes Neerlandici / Bibliogr. of terrestrial, maritime and celestial atlases and pilot books, publ. in the Netherlands up to 1880 ; 3“. Theatrum orbis terrarum, Amsterdam, 1969. (S. 150 ff. Nr. Vis 5 bis Vis 8, S. 176 Nr. 21)</marc:subfield>
          </marc:datafield>
          <marc:datafield tag="650" ind1="1" ind2=" ">
            <marc:subfield code="a">Landkarte</marc:subfield>
          </marc:datafield>
          <marc:datafield tag="773" ind1="0" ind2=" ">
            <marc:subfield code="t">Sammlung Körber-Einbeck</marc:subfield>
          </marc:datafield>
          <marc:datafield tag="852" ind1=" " ind2=" ">
            <marc:subfield code="a">Institut für Historische Landesforschung der Universität Göttingen</marc:subfield>
          </marc:datafield>
          <marc:datafield tag="" ind1=" " ind2=" ">
            <marc:subfield code="a">Namensnennung-Nicht kommerziell 4.0 International (CC BY-NC 4.0))</marc:subfield>
          </marc:datafield>
        </marc:record>
      </metadata>
    </record>
  </GetRecord>
</OAI-PMH>
